00509 2200181 4500001002100000005001500021008004100036020002200077035001900099041000700118082001000125090001600135100001700151245005400168260004100222300003600263650002800299INLIS00000000000667420241224113330241224||||||||| | ||| |||| || |  a978-602-7932-11-1 0010-1224006674 aid0 a363.7 a363.7 IND d0 aIndah Hanaco00aDampak Pertumbuhan Penduduk pada Lingkungan Hidup aBandungbNiaga Buku Pendidikanc2013 a25x17,5 cm, iv, 60 hlm.; ilus.: 0aPermasalahan Lingkungan